Al Ghazali الغزالی (Record no. 553936)

000 -LEADER
fixed length control field 00318nam a22001217a 4500
082 ## - DEWEY DECIMAL CLASSIFICATION NUMBER
Classification number 297
Author Mark Nomani
-- Masjid
100 ## - MAIN ENTRY--PERSONAL NAME
Personal name Allama Shibli Nomani
9 (RLIN) 51175
245 ## - TITLE STATEMENT
Title Al Ghazali الغزالی
260 ## - PUBLICATION, DISTRIBUTION, ETC.
Place of publication, distribution, etc. Lahore
Name of publisher, distributor, etc. Islami Kutab Khana
300 ## - PHYSICAL DESCRIPTION
Extent 248
526 ## - STUDY PROGRAM INFORMATION NOTE
Program name 0
Interest level 0
Reading level 0
Title point value 297_000000000000000_NOMANI
942 ## - ADDED ENTRY ELEMENTS (KOHA)
Source of classification or shelving scheme
Koha item type Book
Holdings
Withdrawn status Lost status Source of classification or shelving scheme Damaged status Not for loan Permanent Location Current Location Date acquired Total Checkouts Full call number Barcode Date last seen Price effective from Koha item type
          Military College of Engineering (MCE) Military College of Engineering (MCE) 07/19/2017   297 Nomani MCE-234M 07/19/2017 07/19/2017 Book
© 2023 Central Library, National University of Sciences and Technology. All Rights Reserved.